00476nam a2200169Ia 4500003000400000005001700004008004100021040000700062041000800069082001900077100004600096245006200142260004100204365001400245650003100259650001600290OSt20230530102733.0210423s2002 xx 000 0 und d cAL aeng a361.3 HORS223 aHOREJSI (Charles R);GARTHWAIT (Cynthia L) aSocial work practicism: a guide and workbook for students aNew DelhibAllyn and Bacon Incc2002 b2133cINR aSocial Problems & Services aSocial Work